Treats just great recipes : seafood (Record no. 9844)

MARC details
000 -LEADER
fixed length control field 00636nam a22002057a 4500
003 - CONTROL NUMBER IDENTIFIER
control field OSt
005 - DATE AND TIME OF LATEST TRANSACTION
control field 20260424052814.0
008 - FIXED-LENGTH DATA ELEMENTS--GENERAL INFORMATION
fixed length control field 260424b |||||||| |||| 00| 0 eng d
020 ## - INTERNATIONAL STANDARD BOOK NUMBER
International Standard Book Number 9788860980793
040 ## - CATALOGING SOURCE
Original cataloging agency DWCL-Main Lib
Transcribing agency OC
082 ## - DEWEY DECIMAL CLASSIFICATION NUMBER
Classification number Res. 641.692 T784 2009
110 ## - MAIN ENTRY--CORPORATE NAME
Corporate name or jurisdiction name as entry element McRae Books
245 ## - TITLE STATEMENT
Title Treats just great recipes : seafood
260 ## - PUBLICATION, DISTRIBUTION, ETC.
Place of publication, distribution, etc. Manila, Philippines :
Name of publisher, distributor, etc. WS Pacific Publications,
Date of publication, distribution, etc. c2009.
300 ## - PHYSICAL DESCRIPTION
Extent 64 pages :
Other physical details color illustrations ;
Dimensions 20 cm.
504 ## - BIBLIOGRAPHY, ETC. NOTE
Bibliography, etc. note Includes index.
650 ## - SUBJECT ADDED ENTRY--TOPICAL TERM
Source of heading or term Cooking - Seafood dishes.
650 ## - SUBJECT ADDED ENTRY--TOPICAL TERM
Topical term or geographic name entry element Cooking specific materials - Seafood.
942 ## - ADDED ENTRY ELEMENTS (KOHA)
Source of classification or shelving scheme Dewey Decimal Classification
Koha item type Book- Reserved
Call number suffix Res.
Suppress in OPAC No
952 ## - LOCATION AND ITEM INFORMATION (KOHA)
--
Holdings
Withdrawn status Lost status Source of classification or shelving scheme Damaged status Not for loan Home library Current library Shelving location Date acquired Source of acquisition Total Checkouts Full call number Barcode Date last seen Copy number Price effective from Koha item type Uniform Resource Identifier
    Dewey Decimal Classification     Junior High School Library Junior High School Library Reserved 11/20/2009 Library fund   Res. 641.692 T784 2009 JHS - 15407 04/24/2026 c1 04/24/2026 BK-CIRC